<?xml version="1.0" encoding="UTF-8"?>
<record
    xmlns:xsi="http://www.w3.org/2001/XMLSchema-instance"
    xsi:schemaLocation="http://www.loc.gov/MARC21/slim http://www.loc.gov/standards/marcxml/schema/MARC21slim.xsd"
    xmlns="http://www.loc.gov/MARC21/slim">

  <leader>01724nam a22002777a 4500</leader>
  <controlfield tag="003">OSt</controlfield>
  <controlfield tag="005">20250117061546.0</controlfield>
  <controlfield tag="008">250117b        |||||||| |||| 00| 0 eng d</controlfield>
  <datafield tag="020" ind1=" " ind2=" ">
    <subfield code="a">978-971-514-873-3</subfield>
  </datafield>
  <datafield tag="040" ind1=" " ind2=" ">
    <subfield code="c">Foundation University</subfield>
  </datafield>
  <datafield tag="050" ind1=" " ind2=" ">
    <subfield code="a">PL 5505</subfield>
    <subfield code="b">.2017 C166</subfield>
  </datafield>
  <datafield tag="100" ind1=" " ind2=" ">
    <subfield code="a">Calubayan, Edem F.,</subfield>
    <subfield code="e">author.</subfield>
    <subfield code="9">9801</subfield>
  </datafield>
  <datafield tag="245" ind1=" " ind2=" ">
    <subfield code="a">English for cultural literacy 8 /</subfield>
    <subfield code="c">Eden Fenrnadez-Calubayan.</subfield>
  </datafield>
  <datafield tag="250" ind1=" " ind2=" ">
    <subfield code="a">2nd. ed.</subfield>
  </datafield>
  <datafield tag="260" ind1=" " ind2=" ">
    <subfield code="a">Quezon City:</subfield>
    <subfield code="b">FNB Educational, Inc.,</subfield>
    <subfield code="c">2017.</subfield>
  </datafield>
  <datafield tag="300" ind1=" " ind2=" ">
    <subfield code="a">viii, 402 p.:</subfield>
    <subfield code="b">ill.,</subfield>
    <subfield code="c">25 cm.</subfield>
  </datafield>
  <datafield tag="500" ind1=" " ind2=" ">
    <subfield code="a">English for Cultural Literacy, grade eight, is the response of FNB Educational, Inc. to the innovative approach to English teaching and learning in Junior High School. The ECL Series revolves around the need to help the learners aware of and demonstrate communicative competence in English through their knowledge of Afro-Asian culture. In line with these aims, the varied lessons and activities used for classroom teaching to be included in the worktext have been aligned with the program, grade, content, and performance standards, as well as with the learning competencies set forth by the Department of Education in the K to 12 basic education curriculum program guide.</subfield>
  </datafield>
  <datafield tag="504" ind1=" " ind2=" ">
    <subfield code="a">Includes bibliographical references.</subfield>
  </datafield>
  <datafield tag="650" ind1=" " ind2=" ">
    <subfield code="2">LC</subfield>
    <subfield code="a">Literature</subfield>
    <subfield code="v">study and teaching</subfield>
    <subfield code="z">Philippines.</subfield>
    <subfield code="9">9799</subfield>
  </datafield>
  <datafield tag="650" ind1=" " ind2=" ">
    <subfield code="2">LC</subfield>
    <subfield code="a">Cultural literacy</subfield>
    <subfield code="v">study and teaching</subfield>
    <subfield code="y">Afro-Asian culture.</subfield>
    <subfield code="9">9802</subfield>
  </datafield>
  <datafield tag="650" ind1=" " ind2=" ">
    <subfield code="2">LC</subfield>
    <subfield code="a">Cultural studies.</subfield>
    <subfield code="9">9798</subfield>
  </datafield>
  <datafield tag="700" ind1=" " ind2=" ">
    <subfield code="a">Munsayac, Josephina M.,</subfield>
    <subfield code="e">coordinator.</subfield>
    <subfield code="9">9800</subfield>
  </datafield>
  <datafield tag="700" ind1=" " ind2=" ">
    <subfield code="a">Villamejor, Socorro R.,</subfield>
    <subfield code="e">Ph.D./editor</subfield>
    <subfield code="9">9785</subfield>
  </datafield>
  <datafield tag="700" ind1=" " ind2=" ">
    <subfield code="a">Yogore, Ma. Patrocinio C.,</subfield>
    <subfield code="e">editor.</subfield>
    <subfield code="9">9786</subfield>
  </datafield>
  <datafield tag="942" ind1=" " ind2=" ">
    <subfield code="2">lcc</subfield>
    <subfield code="c">BK</subfield>
    <subfield code="e">2nd. ed.</subfield>
    <subfield code="h">PL 5505</subfield>
    <subfield code="i">.2017 C166</subfield>
    <subfield code="k">(FPA-JHS)</subfield>
    <subfield code="n">0</subfield>
  </datafield>
  <datafield tag="999" ind1=" " ind2=" ">
    <subfield code="c">4073</subfield>
    <subfield code="d">4073</subfield>
  </datafield>
  <datafield tag="952" ind1=" " ind2=" ">
    <subfield code="0">0</subfield>
    <subfield code="1">0</subfield>
    <subfield code="2">lcc</subfield>
    <subfield code="4">0</subfield>
    <subfield code="7">0</subfield>
    <subfield code="a">FOUNDATION</subfield>
    <subfield code="b">FU</subfield>
    <subfield code="c">FPA-HSFIL</subfield>
    <subfield code="d">2025-01-17</subfield>
    <subfield code="e">donation</subfield>
    <subfield code="l">0</subfield>
    <subfield code="o">(FPA-JHS) Fil. PL 5505 .2017 C166</subfield>
    <subfield code="p">0372025017050</subfield>
    <subfield code="r">2025-01-17 06:15:42</subfield>
    <subfield code="w">2025-01-17</subfield>
    <subfield code="y">BK</subfield>
    <subfield code="k">FPA-JHS-2025050</subfield>
  </datafield>
</record>
